000 00567nam a22002177a 4500
003 UA-OsUOA
001 35027
007 ta
008 20051106b un ||||| |||| 00| 0 ukr d
090 _a32(038)
_bЧ-80
942 _cBK
040 _aUA-OsUOA
_brus
_cUA-OsUOA
_dUA-OsUOA
245 _aЧто есть что в мировой политике
_bСловарь-справочник
300 _a477 с.
955 _a2
041 _arus
080 _a32(038)
260 _aМ.
_bПрогрес
_c1987
650 7 _a32 Політика
_2UDC
999 _c310739
_d310739